[Event "Aeroflot Open 2007"]
[Site "Moscú RUS"]
[Date "2007.02.14"]
[Round "1.1"]
[White "Popov, Valerij"]
[Black "Akopian, Vladimir"]
[Result "1/2-1/2"]
[WhiteElo "2590"]
[BlackElo "2700"]
[PlyCount "37"]
[EventDate "2007.02.14"]
[EventType "swiss"]
[EventRounds "9"]
[EventCountry "RUS"]
[Source "lmi"]
[SourceDate "2007.02.13"]

1. d4 d5 2. c4 c6 3. Nf3 Nf6 4. e3 Bf5 5. Nc3 e6 6. Nh4 Bg6 7. Nxg6 hxg6 8. a3
Nbd7 9. g3 Bd6 10. f4 Qe7 11. c5 Bc7 12. Bg2 b6 13. b4 a5 14. Bd2 axb4 15. axb4
O-O 16. O-O bxc5 17. bxc5 Ba5 18. Qc2 Rfc8 19. Rfb1 1/2-1/2

[Event "Aeroflot Open 2007"]
[Site "Moscú RUS"]
[Date "2007.02.14"]
[Round "1.8"]
[White "Timofeev, Artyom"]
[Black "Azarov, Sergei"]
[Result "1-0"]
[WhiteElo "2663"]
[BlackElo "2583"]
[PlyCount "71"]
[EventDate "2007.02.14"]
[EventType "swiss"]
[EventRounds "9"]
[EventCountry "RUS"]
[Source "lmi"]
[SourceDate "2007.02.13"]

1. e4 c5 2. Nf3 d6 3. d4 cxd4 4. Nxd4 Nf6 5. Nc3 g6 6. Be3 Bg7 7. f3 O-O 8. Qd2
Nc6 9. Bc4 Bd7 10. O-O-O Rc8 11. Bb3 Ne5 12. Kb1 Re8 13. h4 h5 14. Bh6 Bh8 15.
g4 Nc4 16. Qd3 b5 17. gxh5 Nxh5 18. Rhg1 e6 19. Bc1 Qf6 20. Nde2 d5 21. f4 b4
22. e5 Qd8 23. Ne4 Bb5 24. Qh3 Nxb2 25. Bxb2 Bxe2 26. Rd2 Bc4 27. Nd6 Bxb3 28.
axb3 Bg7 29. Rg5 Rc3 30. Bxc3 bxc3 31. Rdg2 Re7 32. Rxh5 gxh5 33. f5 exf5 34.
Nxf5 Rxe5 35. Rxg7+ Kh8 36. Rg1 1-0

[Event "Aeroflot Open 2007"]
[Site "Moscú RUS"]
[Date "2007.02.14"]
[Round "1.15"]
[White "Kotronias, Vasilios"]
[Black "Jobava, Baadur"]
[Result "1/2-1/2"]
[WhiteElo "2572"]
[BlackElo "2650"]
[PlyCount "115"]
[EventDate "2007.02.14"]
[EventType "swiss"]
[EventRounds "9"]
[EventCountry "RUS"]
[Source "lmi"]
[SourceDate "2007.02.13"]

1. e4 c6 2. d4 d5 3. Nc3 dxe4 4. Nxe4 Bf5 5. Ng3 Bg6 6. h4 h6 7. Nf3 Nd7 8. h5
Bh7 9. Bd3 Bxd3 10. Qxd3 e6 11. Bf4 Qa5+ 12. Bd2 Qc7 13. O-O-O Ngf6 14. Ne4
O-O-O 15. g3 Nxe4 16. Qxe4 Nf6 17. Qe2 Bd6 18. c4 c5 19. Bc3 cxd4 20. Nxd4 a6
21. Kb1 Rd7 22. Rc1 Kb8 23. Nb3 Qc6 24. Rh4 Rhd8 25. c5 Bc7 26. Rc4 Ka8 27. Ka1
e5 28. Bxe5 Bxe5 29. Qxe5 Rd1 30. a3 Qf3 31. Ka2 Rxc1 32. Rxc1 Qd5 33. Qc7 Qd7
34. Qa5 Rc8 35. Rc4 Qe6 36. Rd4 Ne4 37. Rd8 g6 38. Qc7 Rxd8 39. Qxd8+ Ka7 40.
Qd4 Kb8 41. Qh8+ Ka7 42. Qxh6 gxh5 43. Qxh5 Nxf2 44. c6 Qxc6 45. Qxf7 Nd3 46.
Qg7 Nb4+ 47. axb4 Qa4+ 48. Kb1 Qxb3 49. Qd4+ Ka8 50. g4 Qe6 51. Qf4 Qd7 52. Kc2
Qc6+ 53. Kd3 Qd5+ 54. Kc3 Qc6+ 55. Kd4 Qg2 56. g5 Qxb2+ 57. Kd5 a5 58. Qf6
1/2-1/2

[Event "Aeroflot Open 2007"]
[Site "Moscú RUS"]
[Date "2007.02.14"]
[Round "1.16"]
[White "Volokitin, Andrei"]
[Black "Ganguly, Surya Shekhar"]
[Result "0-1"]
[WhiteElo "2645"]
[BlackElo "2571"]
[PlyCount "132"]
[EventDate "2007.02.14"]
[EventType "swiss"]
[EventRounds "9"]
[EventCountry "RUS"]
[Source "lmi"]
[SourceDate "2007.02.13"]

1. e4 e6 2. d4 d5 3. Nc3 Bb4 4. e5 c5 5. a3 Bxc3+ 6. bxc3 Ne7 7. Qg4 Qc7 8.
Qxg7 Rg8 9. Qxh7 cxd4 10. Ne2 Nbc6 11. f4 Bd7 12. Qd3 dxc3 13. Qxc3 O-O-O 14.
Rb1 Nf5 15. Rg1 d4 16. Qd3 Na5 17. g4 Ba4 18. c3 Bc2 19. Qxc2 d3 20. Qa2 Qc5
21. Rg2 Ne3 22. Ng3 Rxg4 23. Rf2 Nac4 24. Qb3 b6 25. Qa4 Nc2+ 26. Rxc2 dxc2 27.
Qxc2 Ne3 28. Qe4 Rd1+ 29. Ke2 Nd5 30. Bd2 Rxb1 31. Qxb1 Rxf4 32. Qd3 Rf2+ 33.
Kd1 Qxa3 34. Qa6+ Qxa6 35. Bxa6+ Kb8 36. h4 Rh2 37. h5 Rh3 38. Be1 Nf4 39. Be2
Nxe2 40. Kxe2 a5 41. Kf3 a4 42. Kg4 Rh2 43. c4 a3 44. Kg5 a2 45. Bc3 Rg2 46.
Kg4 Rc2 47. Ba1 Rxc4+ 48. Kg5 Rc1 49. Bb2 Rg1 50. Kf4 Kc7 51. h6 a1=Q 52. Bxa1
Rxa1 53. h7 Ra8 54. Kg5 Kc6 55. Ne4 Rh8 56. Kh6 Kd5 57. Nd6 Rxh7+ 58. Kxh7 Kxe5
59. Nxf7+ Kd5 60. Kg6 b5 61. Ng5 b4 62. Nf3 e5 63. Kf5 e4 64. Ng5 e3 65. Kf4 e2
66. Nf3 b3 0-1

[Event "Aeroflot Open 2007"]
[Site "Moscú RUS"]
[Date "2007.02.14"]
[Round "1.19"]
[White "Vorobiov, Evgeny E"]
[Black "Movsesian, Sergei"]
[Result "1/2-1/2"]
[WhiteElo "2563"]
[BlackElo "2637"]
[PlyCount "37"]
[EventDate "2007.02.14"]
[EventType "swiss"]
[EventRounds "9"]
[EventCountry "RUS"]
[Source "lmi"]
[SourceDate "2007.02.13"]

1. d4 d5 2. c4 c6 3. Nf3 Nf6 4. e3 Bg4 5. h3 Bxf3 6. Qxf3 e6 7. Nc3 Nbd7 8. Bd3
Bd6 9. O-O O-O 10. Rd1 Re8 11. Qe2 Qe7 12. e4 dxe4 13. Nxe4 Nxe4 14. Qxe4 Nf6
15. Qh4 h6 16. Bd2 Rad8 17. Bxh6 gxh6 18. Qxh6 e5 19. Qg5+ 1/2-1/2

[Event "Aeroflot Open 2007"]
[Site "Moscú RUS"]
[Date "2007.02.14"]
[Round "1.23"]
[White "Shomoev, Anton"]
[Black "Riazantsev, Alexander"]
[Result "0-1"]
[WhiteElo "2556"]
[BlackElo "2629"]
[PlyCount "48"]
[EventDate "2007.02.14"]
[EventType "swiss"]
[EventRounds "9"]
[EventCountry "RUS"]
[Source "lmi"]
[SourceDate "2007.02.13"]

1. e4 e6 2. d4 d5 3. Nc3 Nf6 4. e5 Nfd7 5. f4 c5 6. Nf3 Nc6 7. Be3 Be7 8. dxc5
O-O 9. Be2 Bxc5 10. Qd2 Bxe3 11. Qxe3 f6 12. exf6 Nxf6 13. Nd4 e5 14. fxe5 Ng4
15. Bxg4 Bxg4 16. Nxc6 bxc6 17. Nd1 d4 18. Qg3 Qa5+ 19. c3 Rae8 20. Kd2 Bh5 21.
Re1 Rd8 22. Kc2 Bg6+ 23. Kc1 Qa4 24. b3 Qa3+ 0-1

[Event "Aeroflot Open 2007"]
[Site "Moscú RUS"]
[Date "2007.02.14"]
[Round "1.25"]
[White "Kuzubov, Yuriy"]
[Black "Moiseenko, Alexander"]
[Result "1/2-1/2"]
[WhiteElo "2554"]
[BlackElo "2627"]
[PlyCount "128"]
[EventDate "2007.02.14"]
[EventType "swiss"]
[EventRounds "9"]
[EventCountry "RUS"]
[Source "lmi"]
[SourceDate "2007.02.13"]

1. d4 f5 2. g3 Nf6 3. Bg2 e6 4. Nf3 d5 5. c4 c6 6. O-O Bd6 7. Qc2 O-O 8. Nbd2
b6 9. Ne5 Bb7 10. Ndf3 Ne4 11. Rd1 a5 12. Be3 Na6 13. Qa4 Rc8 14. Rac1 Nb8 15.
Qb3 Ba8 16. Ne1 Bxe5 17. dxe5 Nd7 18. Nd3 Qe7 19. f3 Nec5 20. Nxc5 bxc5 21. f4
Qd8 22. Rd2 g5 23. Rdc2 gxf4 24. gxf4 Kh8 25. Bf2 Rg8 26. Kh1 Rg4 27. Qe3 dxc4
28. Rd1 Qe8 29. Bf3 Rg7 30. Bh4 c3 31. Qxc3 c4 32. Rcd2 c5 33. Bf6 Bxf3+ 34.
exf3 Nxf6 35. exf6 Rf7 36. Rd7 Qxd7 37. Rxd7 Rxd7 38. f7+ Rd4 39. Qe1 Kg7 40.
Qxe6 Rf8 41. Qe5+ Kxf7 42. Qxc5 Rd1+ 43. Kg2 Rd2+ 44. Kh3 Kg8 45. Qxc4+ Rf7 46.
Qc8+ Rf8 47. Qc3 Rd5 48. a3 Rfd8 49. b4 axb4 50. axb4 R8d6 51. Qc4 Kg7 52. Qc7+
Rd7 53. Qc3+ Kf7 54. Qc4 Kg7 55. b5 R5d6 56. Qc3+ Rf6 57. Kh4 Rb7 58. Qe5 Rbb6
59. Kg5 h6+ 60. Kh5 Kg8 61. Qe7 Rfc6 62. Qd8+ Kg7 63. Kh4 Kh7 64. Kg3 Kg7
1/2-1/2

[Event "Aeroflot Open 2007"]
[Site "Moscú RUS"]
[Date "2007.02.14"]
[Round "1.29"]
[White "Maslak, Konstantin"]
[Black "Balogh, Csaba"]
[Result "1-0"]
[WhiteElo "2539"]
[BlackElo "2616"]
[PlyCount "125"]
[EventDate "2007.02.14"]
[EventType "swiss"]
[EventRounds "9"]
[EventCountry "RUS"]
[Source "lmi"]
[SourceDate "2007.02.13"]

1. c4 Nf6 2. Nc3 e5 3. Nf3 Nc6 4. g3 Bb4 5. Bg2 O-O 6. O-O d6 7. d3 h6 8. h3
Be6 9. a3 Bc5 10. b4 Bb6 11. Bb2 Re8 12. Rc1 Nd4 13. Nxd4 Bxd4 14. e3 Bb6 15.
Na4 c6 16. Nxb6 axb6 17. f4 Bd7 18. e4 c5 19. b5 Nh7 20. Qh5 f6 21. Rc2 Nf8 22.
f5 Qe7 23. Bc1 Rec8 24. h4 Be8 25. Qg4 Kf7 26. Bh3 Nd7 27. Rg2 Qf8 28. Qf3 Ke7
29. g4 Kd8 30. g5 hxg5 31. hxg5 Kc7 32. g6 Qe7 33. Rh2 Nf8 34. Bg2 Bd7 35. Rh8
Re8 36. Kf2 Rad8 37. Rfh1 Bc8 38. Qg3 Nd7 39. R8h7 Rg8 40. Bf3 Nf8 41. R7h5 Nd7
42. Qh4 Rde8 43. a4 Qd8 44. Bd2 Ref8 45. Rh7 Re8 46. Qh2 Nf8 47. Rh4 Nd7 48.
Kg3 Ref8 49. Rh7 Re8 50. Bc3 Nf8 51. Rh5 Qe7 52. a5 bxa5 53. b6+ Kd8 54. Qa2
Bd7 55. Qxa5 Bc6 56. Rh8 Rxh8 57. Rxh8 Kc8 58. Qa8+ Kd7 59. Qa1 Kc8 60. Bd2 Nd7
61. Rxe8+ Qxe8 62. Qh1 Qg8 63. Qh7 1-0

[Event "Aeroflot Open 2007"]
[Site "Moscú RUS"]
[Date "2007.02.14"]
[Round "1.31"]
[White "Novikov, Stanislav"]
[Black "Korotylev, Alexey"]
[Result "1-0"]
[WhiteElo "2535"]
[BlackElo "2615"]
[PlyCount "117"]
[EventDate "2007.02.14"]
[EventType "swiss"]
[EventRounds "9"]
[EventCountry "RUS"]
[Source "lmi"]
[SourceDate "2007.02.13"]

1. e4 c5 2. Nf3 Nc6 3. d4 cxd4 4. Nxd4 Nf6 5. Nc3 d6 6. f4 e5 7. Nf3 Be7 8. Qe2
O-O 9. Be3 Qa5 10. O-O-O exf4 11. Bxf4 a6 12. Bxd6 Bxd6 13. Rxd6 Be6 14. e5 Ng4
15. Ng5 Qxe5 16. Qxe5 Ngxe5 17. Nxe6 fxe6 18. g3 Rad8 19. Ne4 Rxd6 20. Nxd6 Nd8
21. Bg2 b6 22. Ne4 Ng4 23. Bh3 Nf6 24. Nd6 Nd5 25. Rd1 Rf2 26. Rd2 Rxd2 27.
Kxd2 Kf8 28. c4 Nf6 29. b4 Nd7 30. Bg2 Ke7 31. Nc8+ Kf6 32. Ke3 Ke5 33. Be4 g6
34. Bc2 b5 35. cxb5 axb5 36. Bd3 Nf6 37. a3 Nd5+ 38. Kd2 Nc6 39. Bxb5 Ncxb4 40.
axb4 Nxb4 41. Nb6 Kd4 42. Nd7 Nd5 43. Nf8 Nf6 44. Nxe6+ Ke4 45. Ke2 Kf5 46.
Nd4+ Kg4 47. Kf2 Kh3 48. Bf1+ Kg4 49. h3+ Kg5 50. Kf3 Nd7 51. Be2 h6 52. Ke4
Kf6 53. Bb5 Ne5 54. Nf3 Nf7 55. Kd5 h5 56. Nd2 Kg7 57. Ne4 Nh6 58. Bd7 Nf7 59.
Be6 1-0

[Event "Aeroflot Open 2007"]
[Site "Moscú RUS"]
[Date "2007.02.14"]
[Round "1.32"]
[White "Sadvakasov, Darmen"]
[Black "Evdokimov, Alexander A"]
[Result "1/2-1/2"]
[WhiteElo "2615"]
[BlackElo "2531"]
[PlyCount "149"]
[EventDate "2007.02.14"]
[EventType "swiss"]
[EventRounds "9"]
[EventCountry "RUS"]
[Source "lmi"]
[SourceDate "2007.02.13"]

1. e4 c5 2. Nf3 e6 3. d4 cxd4 4. Nxd4 a6 5. Bd3 Bc5 6. Nb3 Ba7 7. Qe2 Nc6 8.
Be3 d6 9. Nc3 Nf6 10. f4 b5 11. O-O b4 12. Nd1 O-O 13. Kh1 a5 14. a4 e5 15.
fxe5 Nxe5 16. Bg5 Neg4 17. Ne3 Bxe3 18. Bxe3 Nxe3 19. Qxe3 Ng4 20. Qg3 Qb6 21.
h3 Ne5 22. Rad1 Be6 23. Bb5 Bxb3 24. cxb3 Rac8 25. Rf6 Rfd8 26. Bc4 Kh8 27. Rf2
f6 28. Be6 Rc5 29. Rfd2 Qc7 30. Qf2 h6 31. Rd5 Rxd5 32. Rxd5 Re8 33. Bf5 Qc1+
34. Kh2 Qc7 35. h4 Ra8 36. Qg3 Qe7 37. Rd1 Ra7 38. Qe3 Rc7 39. Qb6 g6 40. Bh3
Kg7 41. Qxd6 h5 42. Qxe7+ Rxe7 43. Kg3 Kf7 44. Rd5 Nc6 45. Kf4 Rc7 46. g4 hxg4
47. Bxg4 Ke7 48. Ke3 Ne5 49. Bd1 Nc6 50. h5 gxh5 51. Bxh5 Rd7 52. Rb5 Rc7 53.
Be2 Kd6 54. Rd5+ Ke7 55. Bc4 Rc8 56. Rb5 Rh8 57. Bd5 Rh3+ 58. Kf2 Ne5 59. Kg2
Rd3 60. Rxa5 Rd2+ 61. Kg3 Rd3+ 62. Kf2 Kd6 63. Ke2 Rh3 64. Rb5 Rh2+ 65. Ke3
Rh3+ 66. Kf2 Nd3+ 67. Kg1 Ke5 68. Bc4+ Kxe4 69. a5 Rg3+ 70. Kh2 Re3 71. a6 Re2+
72. Kg3 Re3+ 73. Kh4 Kf4 74. Bxd3 Rxd3 75. Rxb4+ 1/2-1/2

[Event "Aeroflot Open 2007"]
[Site "Moscú RUS"]
[Date "2007.02.14"]
[Round "1.33"]
[White "Li, Shilong"]
[Black "Ehlvest, Jaan"]
[Result "0-1"]
[WhiteElo "2531"]
[BlackElo "2610"]
[PlyCount "82"]
[EventDate "2007.02.14"]
[EventType "swiss"]
[EventRounds "9"]
[EventCountry "RUS"]
[Source "lmi"]
[SourceDate "2007.02.13"]

1. e4 c5 2. Nf3 e6 3. d4 cxd4 4. Nxd4 Nf6 5. Nc3 d6 6. Bc4 Be7 7. Bb3 Na6 8. f4
Nc5 9. Qf3 O-O 10. Be3 a5 11. O-O a4 12. Bc4 a3 13. b3 Ncxe4 14. Nxe4 Nxe4 15.
Qxe4 d5 16. Bxd5 exd5 17. Qd3 Re8 18. Rae1 Bd7 19. Nf3 Qa5 20. Ne5 Bb4 21. Rd1
Bc6 22. Bd4 f6 23. c3 fxe5 24. cxb4 Qb5 25. Bxe5 Qxd3 26. Rxd3 Bb5 27. Rxd5
Bxf1 28. Kxf1 Red8 29. Rxd8+ Rxd8 30. Ke2 b5 31. Bc3 Kf7 32. Bd2 Ke6 33. Bc1 h5
34. h3 Kf5 35. Ke3 h4 36. Bxa3 Ra8 37. Bc1 Rxa2 38. Bd2 Rxd2 39. Kxd2 Kxf4 40.
Ke2 Ke4 41. Kd2 Ke5 0-1

[Event "Aeroflot Open 2007"]
[Site "Moscú RUS"]
[Date "2007.02.14"]
[Round "1.36"]
[White "Bocharov, Dmitry"]
[Black "Andriasian, Zaven"]
[Result "1/2-1/2"]
[WhiteElo "2602"]
[BlackElo "2508"]
[PlyCount "65"]
[EventDate "2007.02.14"]
[EventType "swiss"]
[EventRounds "9"]
[EventCountry "RUS"]
[Source "lmi"]
[SourceDate "2007.02.13"]

1. d4 d5 2. c4 c6 3. Nf3 Nf6 4. Nc3 dxc4 5. a4 Bf5 6. Ne5 Nbd7 7. Nxc4 Qc7 8.
Bg5 e5 9. e3 Be7 10. Bd3 Bxd3 11. Qxd3 O-O 12. O-O Rfe8 13. Bxf6 Bxf6 14. d5
Nc5 15. Qc2 e4 16. Rfd1 Rad8 17. d6 Qd7 18. b4 Nd3 19. Nxe4 Rxe4 20. Qxd3 Rxc4
21. Qxc4 Bxa1 22. Rxa1 Qxd6 23. g3 g6 24. Rc1 a6 25. Kg2 Qe5 26. Rc3 Rd2 27.
Rd3 b5 28. axb5 axb5 29. Qd4 Qxd4 30. Rxd4 Rxd4 31. exd4 Kf8 32. Kf3 Ke7 33.
Ke4 1/2-1/2

[Event "Aeroflot Open 2007"]
[Site "Moscú RUS"]
[Date "2007.02.14"]
[Round "1.37"]
[White "Li, Chao(b)"]
[Black "Aleksandrov, Aleksej"]
[Result "0-1"]
[WhiteElo "2504"]
[BlackElo "2601"]
[PlyCount "82"]
[EventDate "2007.02.14"]
[EventType "swiss"]
[EventRounds "9"]
[EventCountry "RUS"]
[Source "lmi"]
[SourceDate "2007.02.13"]

1. e4 e5 2. Nf3 Nc6 3. Bc4 Bc5 4. c3 Nf6 5. d3 a6 6. Bb3 Ba7 7. Nbd2 O-O 8. O-O
d6 9. Nc4 h6 10. Ne3 Be6 11. Bc2 d5 12. exd5 Nxd5 13. Nc4 f6 14. Re1 b5 15. Ne3
Nxe3 16. Bxe3 Bxe3 17. Rxe3 Bg4 18. Qe1 Re8 19. Nh4 Qd7 20. a4 b4 21. a5 bxc3
22. bxc3 Ne7 23. Rg3 g5 24. h3 Be6 25. Qe4 Qd5 26. Qe2 Rab8 27. d4 exd4 28. Qd3
f5 29. f4 Rb2 30. fxg5 h5 31. Re1 c5 32. Qd1 Kg7 33. cxd4 Ng6 34. Nxg6 Kxg6 35.
Bb3 c4 36. Re5 cxb3 37. Rxd5 Bxd5 38. Qd3 h4 39. Rg4 Re6 40. Rf4 Re1+ 41. Rf1
Rxg2+ 0-1

[Event "Aeroflot Open 2007"]
[Site "Moscú RUS"]
[Date "2007.02.14"]
[Round "1.38"]
[White "Belov, Vladimir"]
[Black "Kosintseva, Nadezhda"]
[Result "1-0"]
[WhiteElo "2600"]
[BlackElo "2496"]
[PlyCount "81"]
[EventDate "2007.02.14"]
[EventType "swiss"]
[EventRounds "9"]
[EventCountry "RUS"]
[Source "lmi"]
[SourceDate "2007.02.13"]

1. e4 c5 2. Nf3 d6 3. d4 cxd4 4. Nxd4 Nf6 5. Nc3 Nc6 6. Bg5 e6 7. Qd2 Be7 8.
O-O-O Qb6 9. Ndb5 O-O 10. Qe1 Rd8 11. f4 Rd7 12. Qg3 Qd8 13. Be2 Ne8 14. Bxe7
Qxe7 15. h4 a6 16. Nd4 Nxd4 17. Rxd4 b5 18. h5 Bb7 19. h6 g6 20. Bf3 Rad8 21.
Rhd1 Nc7 22. R4d2 Na8 23. Qf2 Qf8 24. e5 Bxf3 25. Qxf3 d5 26. Qf2 Qe7 27. a3
Nc7 28. Qb6 Ra8 29. Rd3 Ne8 30. Ne2 Rb7 31. Qa5 Qd8 32. Qd2 a5 33. f5 b4 34. a4
Qc7 35. fxe6 fxe6 36. Nd4 b3 37. Rf1 Qxe5 38. Re3 Qh5 39. Nxe6 Nd6 40. Ref3 Rf7
41. Ng5 1-0

[Event "Aeroflot Open 2007"]
[Site "Moscú RUS"]
[Date "2007.02.14"]
[Round "1.39"]
[White "Kosintseva, Tatiana"]
[Black "Jussupow, Artur"]
[Result "1/2-1/2"]
[WhiteElo "2474"]
[BlackElo "2599"]
[PlyCount "116"]
[EventDate "2007.02.14"]
[EventType "swiss"]
[EventRounds "9"]
[EventCountry "RUS"]
[Source "lmi"]
[SourceDate "2007.02.13"]

1. e4 e5 2. Nf3 Nc6 3. Bb5 g6 4. O-O Bg7 5. c3 a6 6. Ba4 d6 7. d4 Bd7 8. d5
Nce7 9. Bxd7+ Qxd7 10. c4 h6 11. Nc3 f5 12. b4 Nf6 13. Nd2 a5 14. bxa5 Rxa5 15.
a4 O-O 16. Ba3 b6 17. Bb4 Raa8 18. f3 h5 19. Nb5 Bh6 20. Qe2 Kh7 21. Ra3 Rf7
22. Rfa1 Raf8 23. a5 bxa5 24. Rxa5 fxe4 25. Nxe4 Nxe4 26. Qxe4 Rf4 27. Qe2 e4
28. fxe4 Rf2 29. Qxf2 Rxf2 30. Kxf2 Qg4 31. Re1 Qh4+ 32. Kg1 Bf4 33. h3 Qg3 34.
Ra3 Qh2+ 35. Kf2 g5 36. Nd4 g4 37. Ne6 Ng6 38. Rf1 Be5 39. hxg4 Nh4 40. Rg1
hxg4 41. Kf1 Ng6 42. Bd2 Nf4 43. Bxf4 Bxf4 44. Kf2 Kg6 45. Rf1 Bh6 46. Re1 Bd2
47. Re2 Bc1 48. Rc3 Qh4+ 49. Rg3 Ba3 50. e5 Kf5 51. Nd4+ Kf4 52. Ne6+ Kf5 53.
Nd4+ Kf4 54. Ne6+ Kf5 55. Ree3 Bb2 56. Re2 Ba3 57. Nd4+ Kf4 58. Ree3 Bb2
1/2-1/2

[Event "Aeroflot Open 2007"]
[Site "Moscú RUS"]
[Date "2007.02.14"]
[Round "1.40"]
[White "Khismatullin, Denis"]
[Black "Vijayalakshmi, Subbaraman"]
[Result "0-1"]
[WhiteElo "2599"]
[BlackElo "2459"]
[PlyCount "82"]
[EventDate "2007.02.14"]
[EventType "swiss"]
[EventRounds "9"]
[EventCountry "RUS"]
[Source "lmi"]
[SourceDate "2007.02.13"]

1. d4 Nf6 2. c4 e6 3. Nc3 Bb4 4. Qc2 c5 5. dxc5 Bxc5 6. Nf3 Qb6 7. e3 Qc7 8. b3
a6 9. Bb2 b6 10. Be2 Bb7 11. a3 Be7 12. O-O-O d6 13. Rhg1 Nbd7 14. g4 Nc5 15.
Nd2 h6 16. h4 O-O-O 17. f4 Kb8 18. Kb1 Rdg8 19. Bf3 g5 20. fxg5 hxg5 21. h5
Ncd7 22. Nce4 Nxe4 23. Bxe4 Rh6 24. Rgf1 f5 25. gxf5 e5 26. Bxb7 Kxb7 27. Ne4
g4 28. b4 Nf6 29. Nxf6 Rxf6 30. c5 g3 31. Qb3 Rg5 32. Rc1 g2 33. cxd6 gxf1=Q
34. Qd5+ Ka7 35. dxc7 Qxf5+ 36. Ka1 Qc8 37. Rc4 Rd6 38. Qh1 Rd7 39. h6 Rxc7 40.
h7 Rxc4 41. h8=Q Rg1+ 0-1

[Event "Aeroflot Open 2007"]
[Site "Moscú RUS"]
[Date "2007.02.14"]
[Round "1.43"]
[White "Safarli, Eltaj"]
[Black "Grigoriants, Sergey"]
[Result "1-0"]
[WhiteElo "2445"]
[BlackElo "2592"]
[PlyCount "69"]
[EventDate "2007.02.14"]
[EventType "swiss"]
[EventRounds "9"]
[EventCountry "RUS"]
[Source "lmi"]
[SourceDate "2007.02.13"]

1. e4 e5 2. Bc4 Nf6 3. d3 Nc6 4. Nf3 Be7 5. O-O O-O 6. c3 d6 7. Bb3 Nd7 8. d4
Bf6 9. Re1 Re8 10. Be3 Nf8 11. Nbd2 h6 12. h3 Bd7 13. a3 Nh7 14. Ba2 b6 15. b4
Ne7 16. Nh2 Ng6 17. Qh5 Be6 18. Bxe6 Rxe6 19. Ng4 Bg5 20. d5 Re8 21. g3 Qd7 22.
h4 Bxe3 23. Nxe3 Ne7 24. c4 c6 25. dxc6 Qxc6 26. Rac1 Rec8 27. Rc3 Nf6 28. Qf3
a5 29. b5 Qc7 30. h5 Qd7 31. Rd3 Rd8 32. Kg2 Nh7 33. Qg4 Qxg4 34. Nxg4 Ng5 35.
Rd1 1-0

[Event "Aeroflot Open 2007"]
[Site "Moscú RUS"]
[Date "2007.02.14"]
[Round "1.44"]
[White "Petrosian, Tigran L"]
[Black "Harika, Dronavalli"]
[Result "0-1"]
[WhiteElo "2592"]
[BlackElo "2421"]
[PlyCount "78"]
[EventDate "2007.02.14"]
[EventType "swiss"]
[EventRounds "9"]
[EventCountry "RUS"]
[Source "lmi"]
[SourceDate "2007.02.13"]

1. Nf3 c5 2. g3 Nc6 3. d4 cxd4 4. Nxd4 g6 5. Bg2 Bg7 6. Nb3 Nf6 7. Nc3 d6 8.
O-O O-O 9. Re1 Be6 10. e4 Rc8 11. h3 Nd7 12. Nd5 b5 13. Qe2 b4 14. Qb5 a5 15.
Rd1 Na7 16. Qe2 Nc6 17. Qa6 Ndb8 18. Qb5 Bd7 19. Rb1 e6 20. Ne3 Qc7 21. a4 Nd4
22. Qxa5 Qxa5 23. Nxa5 Bxa4 24. b3 Ne2+ 25. Kh2 Nc3 26. Bd2 Nxb1 27. Rxb1 Bb5
28. Bxb4 Bc3 29. Bxc3 Rxc3 30. Rd1 Nc6 31. Nxc6 Bxc6 32. Rxd6 Rc8 33. Rd2 Bb5
34. Kg1 Kf8 35. Bf1 Bxf1 36. Kxf1 Ke7 37. Ke2 h5 38. Nc4 Rb8 39. h4 Re8 0-1

[Event "Aeroflot Open 2007"]
[Site "Moscú RUS"]
[Date "2007.02.15"]
[Round "2.4"]
[White "Aleksandrov, Aleksej"]
[Black "Timofeev, Artyom"]
[Result "1/2-1/2"]
[WhiteElo "2601"]
[BlackElo "2663"]
[PlyCount "35"]
[EventDate "2007.02.14"]
[EventType "swiss"]
[EventRounds "9"]
[EventCountry "RUS"]
[Source "lmi"]
[SourceDate "2007.02.13"]

1. d4 Nf6 2. c4 e6 3. Nc3 Bb4 4. a3 Bxc3+ 5. bxc3 c5 6. f3 d5 7. cxd5 Nxd5 8.
dxc5 Qa5 9. e4 Nf6 10. Be3 O-O 11. Qb3 Nfd7 12. a4 Qc7 13. Qa3 b6 14. cxb6 axb6
15. Nh3 Ba6 16. Bxa6 Nxa6 17. O-O Nac5 18. Qb4 1/2-1/2

[Event "Aeroflot Open 2007"]
[Site "Moscú RUS"]
[Date "2007.02.15"]
[Round "2.7"]
[White "Areshchenko, Alexander"]
[Black "Yakovich, Yuri"]
[Result "1-0"]
[WhiteElo "2644"]
[BlackElo "2577"]
[PlyCount "117"]
[EventDate "2007.02.14"]
[EventType "swiss"]
[EventRounds "9"]
[EventCountry "RUS"]
[Source "lmi"]
[SourceDate "2007.02.13"]

1. e4 c5 2. Nf3 Nc6 3. Bb5 g6 4. O-O Bg7 5. Re1 e5 6. Bxc6 dxc6 7. d3 Qe7 8.
Nbd2 Nf6 9. Nc4 Nd7 10. a4 O-O 11. a5 Rd8 12. Bd2 Nf8 13. Rb1 f6 14. b4 Be6 15.
Ne3 b6 16. bxc5 bxc5 17. Qc1 Bf7 18. Qa3 Rab8 19. a6 Ne6 20. Nc4 Rdc8 21. Rb7
Rxb7 22. axb7 Rb8 23. Na5 Qd7 24. Qa4 Bf8 25. Rb1 Nd8 26. h3 Bd6 27. Be3 Be6
28. Nd2 Nxb7 29. Nac4 Nd8 30. Nxd6 Rxb1+ 31. Nxb1 Qxd6 32. Nd2 Qe7 33. Qa3 Bf7
34. Bxc5 Qd7 35. Be7 Kg7 36. Bf8+ Kg8 37. Be7 Kg7 38. Bxd8 Qxd8 39. Qxa7 Qd6
40. Nb3 Qb4 41. Kf1 Kg8 42. Qc5 Qb7 43. Na5 Qb1+ 44. Ke2 Qh1 45. Qxc6 Qxg2 46.
Qxf6 Qxh3 47. Qxe5 Qg4+ 48. Kd2 h5 49. Nc6 Qf3 50. Qh2 Qf6 51. Ne5 Be6 52. Ke3
g5 53. f4 h4 54. Nf3 Bg4 55. Nxg5 Qb6+ 56. d4 Qb1 57. Qxh4 Qc1+ 58. Kf2 Qxf4+
59. Kg2 1-0

[Event "Aeroflot Open 2007"]
[Site "Moscú RUS"]
[Date "2007.02.15"]
[Round "2.13"]
[White "Vijayalakshmi, Subbaraman"]
[Black "Tomashevsky, Evgeny"]
[Result "0-1"]
[WhiteElo "2459"]
[BlackElo "2624"]
[PlyCount "134"]
[EventDate "2007.02.14"]
[EventType "swiss"]
[EventRounds "9"]
[EventCountry "RUS"]
[Source "lmi"]
[SourceDate "2007.02.13"]

1. d4 Nf6 2. c4 e6 3. Nc3 Bb4 4. Qc2 c5 5. dxc5 O-O 6. a3 Bxc5 7. Nf3 b6 8. Bf4
Bb7 9. Rd1 Nc6 10. b4 Nh5 11. Ng5 g6 12. Bc1 Be7 13. Nf3 Rc8 14. e4 a5 15. b5
Nb8 16. Be2 Qc7 17. Qd2 Rfe8 18. O-O d6 19. Bb2 Nf6 20. Qh6 Nbd7 21. Rfe1 Bf8
22. Qh4 Bg7 23. Bf1 Nc5 24. Bc1 Nfd7 25. Nb1 Nf8 26. Bf4 Nxe4 27. Ng5 Nxg5 28.
Qxg5 e5 29. Be3 Ne6 30. Qh4 e4 31. Nd2 f5 32. Nb3 Be5 33. Nd4 Nc5 34. f4 exf3
35. Nxf3 Bc3 36. Re2 Ne4 37. Rc2 Bf6 38. Qf4 Nc3 39. Rd3 Ne4 40. Rd1 Re7 41.
Kh1 Rce8 42. Bg1 Bg7 43. Qc1 h6 44. Re1 Nc5 45. Rxe7 Rxe7 46. Qd1 Kh7 47. Nd4
Be4 48. Rd2 Be5 49. Nf3 Bf4 50. Ra2 Bb7 51. Re2 Re4 52. Rxe4 Bxe4 53. Bd4 Qf7
54. Bc3 g5 55. Qd4 Qf8 56. Qf2 Qg8 57. Kg1 g4 58. Ne1 Qg5 59. h4 gxh3 60. Nf3
Bxf3 61. Qxf3 Be3+ 62. Kh2 hxg2 63. Bxg2 Qf4+ 64. Kh3 Qxf3+ 65. Bxf3 Kg6 66.
Bd1 Ne4 67. Be1 Bf2 0-1

[Event "Aeroflot Open 2007"]
[Site "Moscú RUS"]
[Date "2007.02.15"]
[Round "2.15"]
[White "Akopian, Vladimir"]
[Black "Safarli, Eltaj"]
[Result "1-0"]
[WhiteElo "2700"]
[BlackElo "2445"]
[PlyCount "69"]
[EventDate "2007.02.14"]
[EventType "swiss"]
[EventRounds "9"]
[EventCountry "RUS"]
[Source "lmi"]
[SourceDate "2007.02.13"]

1. d4 Nf6 2. c4 g6 3. g3 Bg7 4. Bg2 d5 5. cxd5 Nxd5 6. e4 Nb6 7. Ne2 O-O 8. O-O
Nc6 9. d5 Na5 10. Nbc3 c6 11. Re1 cxd5 12. exd5 e6 13. Nf4 e5 14. Nd3 Nac4 15.
b3 e4 16. Nxe4 Bxa1 17. bxc4 Bg7 18. Qb3 Bf5 19. Bg5 f6 20. Bf4 Bxe4 21. Bxe4
g5 22. Bd2 f5 23. Bf3 Rc8 24. c5 Nd7 25. Bb4 f4 26. d6+ Kh8 27. Bxb7 fxg3 28.
hxg3 Rb8 29. c6 Qf6 30. Re7 Qf3 31. Bc3 Bxc3 32. Qxc3+ Nf6 33. d7 Kg8 34. Qb3+
Kh8 35. c7 1-0